Czytanie bilansu przedsiebiorstwa dla menedzerów
Gespeichert in:
| 1. Verfasser: | |
|---|---|
| Format: | Buch |
| Sprache: | Polnisch |
| Veröffentlicht: |
Warszawa
FINANS - SERWIS
1999
|
| Ausgabe: | 4. wyd. zaktualiz. i uzupel. |
| Schlagworte: | |
| Tags: |
Keine Tags, Fügen Sie das erste Tag hinzu!
|
MARC
| LEADER | 00000nam a2200000 4500 | ||
|---|---|---|---|
| 001 | c123627 | ||
| 005 | 20221221081937.5 | ||
| 020 | |a 83-86226-37-4 | ||
| 041 | 0 | |a pol | |
| 044 | |a PL | ||
| 245 | 1 | 0 | |a Czytanie bilansu przedsiebiorstwa |b dla menedzerów |c Witold Bien |
| 250 | |a 4. wyd. zaktualiz. i uzupel. | ||
| 264 | 1 | |a Warszawa |b FINANS - SERWIS |c 1999 | |
| 300 | |a 123 s. |e 3 príl. | ||
| 610 | 2 | 0 | |a podnik |
| 610 | 2 | 0 | |a bilancie |
| 610 | 2 | 0 | |a manažéri |
| 610 | 2 | 0 | |a účty |
| 610 | 2 | 0 | |a zisk |
| 610 | 2 | 0 | |a aktíva |
| 610 | 2 | 0 | |a pasíva |
| 610 | 2 | 0 | |a strata |
| 610 | 2 | 0 | |a analýza finančná |
| 610 | 2 | 0 | |a informácie ekonomické |
| 610 | 2 | 0 | |a Poľsko |
| 100 | 1 | |a Bien, Witold | |